"Instantní" merchandising: revoluce v marketingu

Pohyblivý displej ako výsledok kombinácie internetu, billboardu a televízie. Revolučná forma oslovenia zákazníka.Výhody novej formy komunikácie so zákazníkom. Využitie tohto média v amerických a anglických reťazcoch.

Salvato in:
Dettagli Bibliografici
Autore principale: Bureš, Ivan
Natura: Capitolo di libro
Lingua:ceco
inglese
Soggetti:
Tags: Aggiungi Tag
Nessun Tag, puoi essere il primo ad aggiungerne!!

MARC

LEADER 00000naa$a2200000$$$4500
001 0020219
005 20231018124113.1
041 0 |a cze 
041 0 |a eng 
044 |a CZ 
245 1 0 |a "Instantní" merchandising: revoluce v marketingu  |c Ivan Bureš 
520 |a Pohyblivý displej ako výsledok kombinácie internetu, billboardu a televízie. Revolučná forma oslovenia zákazníka.Výhody novej formy komunikácie so zákazníkom. Využitie tohto média v amerických a anglických reťazcoch. 
610 2 0 |a internet 
610 2 0 |a televízia 
610 2 0 |a reklama 
610 2 0 |a nástroje marketingové 
610 2 0 |a podpora predaja 
610 2 0 |a klienti 
610 2 0 |a USA 
610 2 0 |a Veľká Británia 
100 1 |a Bureš, Ivan